000
00339 a2200157 4500
001
182784
020
_a
040
_c
Magnum
100
_a
Stowe, H. Beecher
240
1
0
_a
A cabana do pai Tomás
_l
por
245
1
0
_a
A cabana do pai Tomás
300
_a
153
362
0
_a
1999
697
_a
LITERATURA GERAL ESTRANGEIRA
942
_c
BK
999
_c
182784
_d
182784